000 00293nam a2200121Ia 4500
008 220204s9999 xx 000 0 und d
082 _a681.31
_bHAR
100 _aHarrel, William D
245 0 _aIllustrated Pagemaker 4.0
260 _aBombay
_bJaico
_c1993
650 _apagemaker
942 _cBK
999 _c40478
_d40478